000 00966nam a2200289 4500
003 OSt
005 20240215111452.0
008 240214s2009 sp ad||f |||| 001 0 spa d
020 _a9788436815252
040 _erda
_cCHAP
082 0 0 _222
245 0 0 _aFisiología vegetal /
_cpor Juan Barceló Coll ...[y otros tres]
264 1 _aEspaña:
_bPirámide,
_c2009.
300 _a566 páginas:
_bIlustraciones, cuadros, gráficas, tablas
336 _2rdacontent
_atexto
_btxt
337 _2rdamedia
_asin medio
_bn
338 _2rdacarrier
_avolumen
_bnc
490 1 _aCiencia y técnica
504 _aIncluye índice y bibliografía, índice de géneros y especies e índice de materias
650 7 _941136
_aFisiología vegetal
650 0 _9145420
_aPlantas
_x Metabolismo
650 7 _993602
_aQuímica vegetal
650 7 _912892
_aBiotecnología vegetal
700 1 _9188734
_aBarceló Coll, Juan
830 _923164
_aCiencia y técnica
942 _cLIBRO
999 _c219689
_d219689